000 00736nam a2200217Ia 4500
003 CO-CtgCURN
005 20250407234008.0
008 190723s9999 xx 000 0 und d
020 _a9586901300
040 _aCO-CtgCURN
_bspa
_ccoctgcurn
082 _a345.05
_bM722s
100 _aMolina Arrubla, Carlos Mario
245 0 _aEl secreto en el derecho penal colombiano /
_cCarlos Mario Molina Arrubla
260 _aBogotá, Colombia :
_bLeyer,
_c1998
300 _a179 páginas ;
_c22 centímetros
521 _aAREA PROFESIONAL
590 _aPrograma de Derecho_18
650 _aDerecho penal
_zColombia
942 _cBK
_h345.05
_iM722s
_2ddc
_n0
999 _c28931
_d28931